Normal view
MARC view
- KOLK DER VAN BESSEL
Entry Personal Name
001 - CONTROL NUMBER
- control field: 7757
003 - CONTROL NUMBER IDENTIFIER
- control field: OSt
005 - DATE AND TIME OF LATEST TRANSACTION
- control field: 20240404124508.0
008 - FIXED-LENGTH DATA ELEMENTS
- fixed length control field: 240404|| aca||aabn | a|a d
040 ## - CATALOGING SOURCE
- Original cataloging agency: OSt
- Transcribing agency: OSt
100 ## - HEADING--PERSONAL NAME
- Personal name: KOLK DER VAN BESSEL
670 ## - SOURCE DATA FOUND
- Source citation: Work cat.: (OSt)12552: KOLK DER VAN BESSEL, THE BODY KEEPS THE SCORE, 2015